00496nam a2200193 a 4500001001300000003000900013005001700022008004100039020001000080082002100090100001700111245004400128260003000172300000900202500003500211505001000246650002900256700001700285nice12345678IN_TiNIC20260116012411.0050524s1975 leia grp 000 0 eng  ac10000a305.6945097bTHU aThursby, G R aHindu-Muslim Relations in British India aLeidenbE. J. Brillc1975 a194p aincludes index and biblioraphy2 aIndex aIslam-Relations Hinduism1 aThursby, G R